Refugiados guatemaltecos en México: [noticias diversas]

Gespeichert in:
Bibliographische Detailangaben
Format: Text
Veröffentlicht: s.c.e :
Tags: Tag hinzufügen
Keine Tags, Fügen Sie den ersten Tag hinzu!

MARC

LEADER 00000 a a2200000 04500
001 16615
003
040
090 |a 028000  
245 |a Refugiados guatemaltecos en México: [noticias diversas]  
260 |a s.c.e :  
300 |a 17 p.  
999 |c 5389  |d 5389